[Event "SRB Central-chT qual"]
[Site "Nis"]
[Date "2014.10.06"]
[Round "7"]
[White "Savic, Goran"]
[Black "Simic, Petar S"]
[Result "1/2-1/2"]
[WhiteElo "2158"]
[BlackElo "1797"]
[PlyCount "23"]
[EventDate "2014.10.02"]
[EventType "team-tourn"]
[EventRounds "7"]
[EventCountry "SRB"]
[SourceTitle "CBM 163 Extra"]
[Source "ChessBase"]
[SourceDate "2014.12.23"]
[SourceVersion "1"]
[SourceVersionDate "2014.12.23"]
[SourceQuality "1"]

1. e4 c5 2. Nf3 d6 3. d4 cxd4 4. Nxd4 Nf6 5. Nc3 a6 6. Be2 e5 7. Nb3 Be7 8. Bg5 Nbd7 9. a4 0-0 10. 0-0 h6 11. Be3 b6 12. Nd2 1/2-1/2

[Event "SRB Central-chT qual"]
[Site "Nis"]
[Date "2014.10.04"]
[Round "4"]
[White "Savic, Goran"]
[Black "Rakic, Ivan"]
[Result "0-1"]
[WhiteElo "2158"]
[BlackElo "2121"]
[PlyCount "102"]
[EventDate "2014.10.02"]
[EventType "team-tourn"]
[EventRounds "7"]
[EventCountry "SRB"]
[SourceTitle "CBM 163 Extra"]
[Source "ChessBase"]
[SourceDate "2014.12.23"]
[SourceVersion "1"]
[SourceVersionDate "2014.12.23"]
[SourceQuality "1"]

1. e4 g6 2. d4 Bg7 3. c4 d6 4. Nc3 Nf6 5. f3 e5 6. d5 Nfd7 7. Be3 Bh6 8. Qd2 Bxe3 9. Qxe3 a5 10. 0-0-0 Nc5 11. h4 0-0 12. h5 Qe7 13. g4 g5 14. h6 Nba6 15. Nge2 f6 16. Ng3 c6 17. Nh5 Nc7 18. Ng7 cxd5 19. cxd5 Bd7 20. Nf5 Bxf5 21. gxf5 a4 22. Kb1 Ra5 23. Be2 b5 24. Rdg1 Kf7 25. f4 exf4 26. Bh5+ Kg8 27. Qxf4 Kh8 28. Qd2 b4 29. Bf3 bxc3 30. Qxc3 Rb5 31. Re1 Qe5 32. Qxe5 dxe5 33. Rc1 Ne8 34. Rc3 Nd6 35. Rhc1 Ncxe4 36. Bxe4 Nxe4 37. Rc8 Rb8 38. R8c6 Rfd8 39. Re1 Nd6 40. a3 Ra8 41. Ka2 Kg8 42. Rc7 Ne8 43. Rc5 Kf7 44. Rec1 Ra7 45. R1c4 Ke7 46. Rc6 Nd6 47. Rb4 Nxf5 48. Re6+ Kf8 49. Rxf6+ Rf7 50. Rbb6 e4 51. Rbe6 e3 0-1

[Event "SRB-chT2 South"]
[Site "Nis"]
[Date "2013.10.18"]
[Round "2.2"]
[White "Jovanovic, Dragan N"]
[Black "Savic, Goran"]
[Result "1/2-1/2"]
[WhiteElo "1934"]
[BlackElo "2153"]
[PlyCount "41"]
[EventDate "2013.10.17"]
[EventType "team-swiss"]
[EventRounds "8"]
[EventCountry "SRB"]
[SourceTitle "EXT 2014"]
[Source "ChessBase"]
[SourceDate "2013.11.20"]
[SourceVersion "1"]
[SourceVersionDate "2013.11.20"]
[SourceQuality "1"]

1. e4 e6 2. d4 d5 3. exd5 exd5 4. Bd3 Nf6 5. Nf3 Bg4 6. 0-0 Be7 7. Re1 0-0 8. Bg5 Nbd7 9. Nbd2 Re8 10. c3 c6 11. Qc2 Bh5 12. h3 Bg6 13. Re2 Qc7 14. Rae1 Bd6 15. Bxf6 Nxf6 16. Ne5 Nd7 17. Bxg6 hxg6 18. Ndf3 Bxe5 19. Nxe5 Nxe5 20. Rxe5 Qd7 21. Qe2 1/2-1/2

[Event "SRB-chT2 South"]
[Site "Nis"]
[Date "2013.10.17"]
[Round "1.2"]
[White "Savic, Goran"]
[Black "Djukic, Nebojsa"]
[Result "1/2-1/2"]
[WhiteElo "2153"]
[BlackElo "2177"]
[PlyCount "36"]
[EventDate "2013.10.17"]
[EventType "team-swiss"]
[EventRounds "8"]
[EventCountry "SRB"]
[SourceTitle "EXT 2014"]
[Source "ChessBase"]
[SourceDate "2013.11.20"]
[SourceVersion "1"]
[SourceVersionDate "2013.11.20"]
[SourceQuality "1"]

1. e4 e6 2. d4 d5 3. Nd2 Nf6 4. e5 Nfd7 5. c3 c5 6. Bd3 Nc6 7. Ne2 Qb6 8. Nf3 cxd4 9. cxd4 f6 10. exf6 Nxf6 11. 0-0 Bd6 12. a3 0-0 13. b4 e5 14. dxe5 Nxe5 15. Ned4 Bg4 16. Be2 Rae8 17. h3 Bh5 18. Be3 Qd8 1/2-1/2

[Event "SRB-chT3 Liga Sued CS"]
[Site "Serbia"]
[Date "2011.09.18"]
[Round "2"]
[White "Savic, Goran"]
[Black "Necevski, Alesandar"]
[Result "1/2-1/2"]
[WhiteElo "2154"]
[BlackElo "2301"]
[PlyCount "31"]
[EventDate "2011.09.11"]
[EventType "team"]
[EventRounds "11"]
[EventCountry "SRB"]
[SourceTitle "EXT 2015"]
[Source "ChessBase"]
[SourceDate "2014.11.20"]
[SourceVersion "1"]
[SourceVersionDate "2014.11.20"]
[SourceQuality "1"]

1. e4 c5 2. Nf3 e6 3. d4 cxd4 4. Nxd4 Nf6 5. Nc3 d6 6. Be2 a6 7. 0-0 Be7 8. Kh1 Qc7 9. f4 Nc6 10. Be3 Bd7 11. Qe1 b5 12. a3 Nxd4 13. Bxd4 e5 14. Be3 Bc6 15. Bf3 Qb7 16. Qg3 1/2-1/2

[Event "SRB-chT3 Liga Sued CS"]
[Site "Serbia"]
[Date "2011.09.11"]
[Round "1"]
[White "Marjanovic, Miroslav"]
[Black "Savic, Goran"]
[Result "0-1"]
[WhiteElo "2074"]
[BlackElo "2154"]
[PlyCount "74"]
[EventDate "2011.09.11"]
[EventType "team"]
[EventRounds "11"]
[EventCountry "SRB"]
[SourceTitle "EXT 2015"]
[Source "ChessBase"]
[SourceDate "2014.11.20"]
[SourceVersion "1"]
[SourceVersionDate "2014.11.20"]
[SourceQuality "1"]

1. Nf3 Nf6 2. c4 g6 3. g3 Bg7 4. Bg2 0-0 5. 0-0 d6 6. Nc3 c6 7. d4 Qa5 8. Bd2 Qh5 9. Re1 h6 10. Qb3 b6 11. d5 Bh3 12. Kh1 c5 13. Nb5 Nbd7 14. Bc3 a6 15. Na3 Rab8 16. e4 Ng4 17. Bxg7 Kxg7 18. Qc3+ Kg8 19. Nc2 b5 20. cxb5 axb5 21. a4 b4 22. Qd2 Nge5 23. Nxe5 Nxe5 24. f4 Nc4 25. Qd3 Na5 26. Ne3 Bc8 27. b3 f5 28. e5 dxe5 29. d6 e4 30. Qd5+ e6 31. Qe5 g5 32. d7 Bxd7 33. Qc7 Nxb3 34. Qxd7 Qf7 35. Qd1 Nxa1 36. fxg5 hxg5 37. Qxa1 b3 0-1

[Event "SRB-chT2 East"]
[Site "Pozarevac"]
[Date "2009.10.11"]
[Round "11.4"]
[White "Trifunovic, Miroljub"]
[Black "Savic, Goran"]
[Result "1/2-1/2"]
[WhiteElo "2295"]
[BlackElo "2153"]
[PlyCount "129"]
[EventDate "2009.09.06"]
[EventType "team"]
[EventRounds "11"]
[EventCountry "SRB"]
[SourceTitle "EXT 2012"]
[Source "ChessBase"]
[SourceDate "2011.11.24"]
[SourceVersion "1"]
[SourceVersionDate "2011.11.24"]
[SourceQuality "1"]

1. d4 Nf6 2. Nf3 g6 3. c4 Bg7 4. Nc3 0-0 5. e4 d6 6. Be2 Nbd7 7. 0-0 c5 8. d5 a6 9. a4 Qc7 10. h3 e6 11. dxe6 fxe6 12. Ng5 Ne5 13. Be3 Bd7 14. Qd2 Rad8 15. Nf3 Nf7 16. Ng5 Ne5 17. Rfd1 Bc8 18. Nf3 Nf7 19. a5 Bd7 20. Ng5 Nxg5 21. Bxg5 Bc6 22. f3 Rd7 23. Qe3 Ne8 24. Qd2 Rdf7 25. Kh1 Bd4 26. b4 Ng7 27. b5 Bd7 28. Be3 Be5 29. f4 Rxf4 30. Bxf4 Bxf4 31. Qd3 Qd8 32. Rf1 Qh4 33. bxa6 bxa6 34. Rad1 Ne8 35. Rf3 g5 36. Bf1 Be5 37. Rxf8+ Kxf8 38. Ne2 Bc6 39. Qe3 Bxe4 40. Kg1 Nf6 41. g3 Qh5 42. Bg2 Qg6 43. Bxe4 Qxe4 44. Qxe4 Nxe4 45. Kg2 Ke7 46. Rd3 Kd7 47. Kf3 Nf6 48. Rb3 d5 49. Rb6 d4 50. Nc1 Bd6 51. Rxa6 e5 52. Ra7+ Bc7 53. Rb7 e4+ 54. Ke2 Kc6 55. a6 Nd7 56. Rb5 Nb6 57. Nb3 d3+ 58. Kd1 e3 59. Rxc5+ Kd7 60. Rxg5 e2+ 61. Ke1 Bd8 62. c5 Bxg5 63. cxb6 Be7 64. a7 Bb4+ 65. Nd2 1/2-1/2

[Event "Nis op"]
[Site "Nis"]
[Date "2004.07.01"]
[Round "5"]
[White "Mladenovic, Jelena"]
[Black "Savic, Goran"]
[Result "1-0"]
[WhiteElo "2133"]
[BlackElo "2148"]
[PlyCount "93"]
[EventDate "2004.05.28"]
[EventType "swiss"]
[EventRounds "9"]
[EventCountry "YUG"]
[SourceTitle "EXT 2005"]
[Source "ChessBase"]
[SourceDate "2004.11.15"]
[SourceVersion "1"]
[SourceVersionDate "2004.11.15"]
[SourceQuality "1"]

1. e4 e6 2. d4 d5 3. Nd2 Nf6 4. e5 Nfd7 5. Bd3 c5 6. c3 Nc6 7. Ne2 cxd4 8. cxd4 f6 9. exf6 Nxf6 10. 0-0 Bd6 11. Nf3 Qc7 12. Nc3 a6 13. Bg5 0-0 14. Rc1 Bd7 15. Re1 Rae8 16. Ne5 Bc8 17. h3 Kh8 18. Na4 Bxe5 19. dxe5 Ne4 20. Bxe4 dxe4 21. Rxe4 Rf5 22. Bh4 Qf7 23. Nb6 Rf8 24. Nc4 Qg6 25. Nd6 Rh5 26. Rg4 Rxh4 27. Rxg6 hxg6 28. Nxc8 Rxc8 29. Qd7 Rf8 30. Qxb7 Nxe5 31. Qxa6 Rf6 32. a4 Rhf4 33. f3 Nf7 34. a5 e5 35. Qa8+ Kh7 36. a6 Ra4 37. Rc6 Ra1+ 38. Kf2 Rf4 39. Qe8 e4 40. Kg3 exf3 41. gxf3 Rf5 42. Rc8 Rxa6 43. h4 g5 44. h5 g6 45. Qg8+ Kh6 46. Qf8+ Kxh5 47. Qxf7 1-0

[Event "Nis op"]
[Site "Nis"]
[Date "2004.05.29"]
[Round "2"]
[White "Savic, Goran"]
[Black "Miljkovic, Miroslav M"]
[Result "0-1"]
[WhiteElo "2148"]
[BlackElo "2390"]
[PlyCount "78"]
[EventDate "2004.05.28"]
[EventType "swiss"]
[EventRounds "9"]
[EventCountry "YUG"]
[SourceTitle "EXT 2005"]
[Source "ChessBase"]
[SourceDate "2004.11.15"]
[SourceVersion "1"]
[SourceVersionDate "2004.11.15"]
[SourceQuality "1"]

1. e4 c5 2. Nf3 Nc6 3. d4 cxd4 4. Nxd4 Nf6 5. Nc3 e5 6. Ndb5 d6 7. Bg5 a6 8. Na3 b5 9. Nd5 Be7 10. Bxf6 Bxf6 11. c3 Bg5 12. Nc2 Ne7 13. a4 bxa4 14. Rxa4 Nxd5 15. Qxd5 Be6 16. Qa5 Bb3 17. Nb4 Bxa4 18. Qxa4+ Qd7 19. Qa2 0-0 20. Bc4 a5 21. Nd5 Qg4 22. 0-0 Qxe4 23. Nb6 Ra7 24. Bd5 Qf5 25. Nc4 Qd7 26. Nxa5 Bd8 27. b4 Bxa5 28. bxa5 Qc7 29. a6 Qxc3 30. g3 Rb8 31. Rb1 Rxb1+ 32. Qxb1 Qc7 33. Qb5 g6 34. h4 Kg7 35. Bb7 h5 36. Kg2 Kf6 37. Kh3 Ke7 38. f3 Qd7+ 39. Qxd7+ Kxd7 0-1

[Event "Nis op"]
[Site "Nis"]
[Date "1997.??.??"]
[Round "5"]
[White "Todorovic, Jovan"]
[Black "Savic, Goran"]
[Result "1-0"]
[WhiteElo "2335"]
[BlackElo "2185"]
[PlyCount "67"]
[EventDate "1997.??.??"]
[EventType "swiss"]
[EventRounds "11"]
[EventCountry "YUG"]
[SourceTitle "EXT 2002"]
[Source "ChessBase"]
[SourceDate "2001.11.25"]
[SourceVersion "1"]
[SourceVersionDate "2001.11.25"]
[SourceQuality "1"]

1. e4 e6 2. d4 d5 3. Nc3 Bb4 4. e5 c5 5. a3 Bxc3+ 6. bxc3 Nc6 7. Nf3 Nge7 8. a4 Qa5 9. Qd2 Bd7 10. Be2 Rc8 11. Ba3 cxd4 12. cxd4 Qxd2+ 13. Kxd2 Nf5 14. c3 h5 15. Rhb1 Na5 16. Bb4 Nc4+ 17. Ke1 f6 18. g3 Nh6 19. Nd2 Nxd2 20. Kxd2 fxe5 21. dxe5 Ng4 22. f4 Nf2 23. Ke3 Ne4 24. c4 g5 25. cxd5 exd5 26. Rc1 h4 27. Rxc8+ Bxc8 28. Rc1 Kd8 29. Rd1 Be6 30. f5 Bxf5 31. Rxd5+ Kc8 32. g4 Be6 33. Rd1 Rf8 34. Bxf8 1-0

[Event "Nis op"]
[Site "Nis"]
[Date "1996.??.??"]
[Round "?"]
[White "Savic, Goran"]
[Black "Garic, Radomir"]
[Result "1-0"]
[WhiteElo "2130"]
[BlackElo "2285"]
[PlyCount "105"]
[EventDate "1996.??.??"]
[EventType "swiss"]
[EventRounds "11"]
[EventCountry "YUG"]
[SourceTitle "EXT 2002"]
[Source "ChessBase"]
[SourceDate "2001.11.25"]
[SourceVersion "1"]
[SourceVersionDate "2001.11.25"]
[SourceQuality "1"]

1. e4 c5 2. Nf3 Nc6 3. d4 cxd4 4. Nxd4 Qc7 5. Nc3 e6 6. Be2 a6 7. 0-0 Nf6 8. Kh1 Bb4 9. Bg5 Bxc3 10. Bxf6 gxf6 11. bxc3 b6 12. f4 Ne7 13. c4 Bb7 14. Bd3 Rg8 15. Qd2 f5 16. Rae1 fxe4 17. Bxe4 Bxe4 18. Rxe4 f5 19. Re2 Qxc4 20. Rfe1 0-0-0 21. Nf3 Nd5 22. Ne5 Qc3 23. Qc1 Rg7 24. Rf1 d6 25. Rf3 Qc7 26. Nd3 Kd7 27. Qb2 Rg6 28. Qb3 Rc8 29. Qa4+ Qc6 30. Qb3 Qc4 31. Qb2 Nc3 32. Rd2 Nd5 33. h3 Ke7 34. Kh2 Qc3 35. Qc1 Qg7 36. c4 Qd4 37. Ne5 Rxg2+ 38. Kxg2 Nxf4+ 39. Rxf4 Qxf4 40. Nf3 Rg8+ 41. Kf2 Qg3+ 42. Ke3 Qxh3 43. Qa3 f4+ 44. Ke4 Rd8 45. Rh2 Qf1 46. Rxh7+ Kf6 47. Qb2+ e5 48. Qc2 b5 49. Rh6+ Kg7 50. Qh2 Qxc4+ 51. Kf5 Qd3+ 52. Kg5 Qxf3 53. Rg6+ 1-0

[Event "Nis op"]
[Site "Nis"]
[Date "1996.??.??"]
[Round "1"]
[White "Savic, Goran"]
[Black "Vujosevic, Vladimir"]
[Result "0-1"]
[WhiteElo "2130"]
[BlackElo "2400"]
[PlyCount "106"]
[EventDate "1996.??.??"]
[EventType "swiss"]
[EventRounds "11"]
[EventCountry "YUG"]
[SourceTitle "EXT 2002"]
[Source "ChessBase"]
[SourceDate "2001.11.25"]
[SourceVersion "1"]
[SourceVersionDate "2001.11.25"]
[SourceQuality "1"]

1. e4 e5 2. Nf3 Nc6 3. Bb5 a6 4. Ba4 Nf6 5. 0-0 b5 6. Bb3 Bb7 7. Re1 Bc5 8. c3 d6 9. d4 Bb6 10. a4 h6 11. h3 0-0 12. d5 Ne7 13. Nbd2 Nd7 14. axb5 axb5 15. Rxa8 Qxa8 16. g4 c6 17. dxc6 Bxc6 18. Qe2 Ng6 19. Nf1 Nc5 20. Bc2 Ne6 21. Ng3 Nef4 22. Qf1 Qa7 23. Be3 Bxe3 24. fxe3 Ne6 25. Kh2 Qa2 26. Rb1 Nc5 27. Nd2 Ra8 28. Nf5 Rd8 29. Qc1 Qa8 30. Ra1 Qb7 31. Qh1 b4 32. Nc4 bxc3 33. Nfxd6 Qb8 34. b4 Ne6 35. b5 Bxb5 36. Rb1 Rxd6 37. Nxd6 Qxd6 38. Rxb5 Qd2+ 39. Qg2 Qxe3 40. Rb8+ Kh7 41. Qg3 Qd2+ 42. Qg2 Qf4+ 43. Qg3 Qc1 44. Qf2 Nd4 45. Bb3 Nf4 46. Bxf7 Qd2 47. Bg8+ Kg6 48. Qxd2 cxd2 49. Rb1 Nfe2 50. h4 Kf6 51. Rd1 Nc3 52. Rxd2 Nf3+ 53. Kg3 Nxd2 0-1

[Event "YUG-chT"]
[Site "Nis"]
[Date "1995.??.??"]
[Round "?"]
[White "Vujadinovic, Goran"]
[Black "Savic, Goran"]
[Result "1/2-1/2"]
[WhiteElo "2340"]
[BlackElo "2135"]
[PlyCount "72"]
[EventDate "1995.??.??"]
[EventType "team-swiss"]
[EventRounds "11"]
[EventCountry "YUG"]
[SourceTitle "EXT 2000"]
[Source "ChessBase"]
[SourceDate "1999.11.16"]
[SourceVersion "1"]
[SourceVersionDate "1999.11.16"]
[SourceQuality "1"]

1. Nf3 Nf6 2. g3 g6 3. Bg2 Bg7 4. 0-0 0-0 5. d3 d6 6. c3 c6 7. e4 e5 8. b4 Qc7 9. Nbd2 h6 10. Re1 Be6 11. Bb2 Nbd7 12. d4 Rad8 13. c4 Bg4 14. Qb3 Nh7 15. h3 Bxf3 16. Nxf3 Rfe8 17. Rad1 Nhf8 18. c5 dxc5 19. dxc5 a5 20. a3 axb4 21. axb4 b6 22. cxb6 Nxb6 23. Rc1 Nbd7 24. Bf1 Qb7 25. Bc3 Ne6 26. Bc4 Qc7 27. Rcd1 Nb6 28. Rxd8 Nxd8 29. Be2 Ne6 30. Rd1 Nd4 31. Nxd4 exd4 32. Bxd4 Rxe4 33. Bxb6 Qxb6 34. Rd7 Re6 35. Bc4 Rf6 36. Qa2 Qxb4 1/2-1/2